The foundations of statistics

Αποθηκεύτηκε σε:
Λεπτομέρειες βιβλιογραφικής εγγραφής
Κύριος συγγραφέας: Savage, Leonard J.
Μορφή: Βιβλίο
Γλώσσα:English
Δημοσίευση: New York : Dover, c1972.
Έκδοση:2η εκδ., Αναθ.
Θέματα:
Ετικέτες: Προσθήκη ετικέτας
Δεν υπάρχουν, Καταχωρήστε ετικέτα πρώτοι!

MARC

LEADER 00000cam a2200000 a 4500
001 1/107345
008 150710r1972####us | ||| |||| ||eng||
020 |a 0486623491 
040 |a GR-MyUa  |b gre  |c GR-MyUa  |e AACR2 
041 0 |a eng 
082 7 |a 519   |2 (23) 
100 1 |a Savage, Leonard J. 
245 1 3 |a The foundations of statistics /   |c Leonard J. Savage. 
250 |a 2η εκδ., Αναθ.  
260 |a New York :   |b Dover,   |c c1972. 
300 |a 310 σ. ;   |c 22 εκ. 
650 0 |a Statistics. 
852 |a INST  |b SAMOS  |e 20150710  |h 519 SAV  |p 005300042356  |q 005300042356  |t BK  |y 0 
970 |a Γουβάλα  |b Βάσω  |z 10-07-2015